| 000 | 00734nam2a2200205 4500 | ||
|---|---|---|---|
| 001 | RU\NLR\PER_A\011094731_000210 | ||
| 005 | 20250626052131.0 | ||
| 035 | _a(NLR Aleph) 011357195 | ||
| 090 |
_a11279528 _c11279528 |
||
| 100 | _a20170331d2017 |||y0rusy50 ca | ||
| 101 | 0 | _arus | |
| 102 | _aRU | ||
| 200 | 0 | _a2017, № 2 (11) | |
| 210 |
_d2017 _aБ. м. |
||
| 461 | 0 |
_1001RU\NLR\Per\1213764 _12001#$aСанта Барбара. Здоровье$eжурнал$fТолока$v2017, № 2 (11) _911386278 _cСмоленск _d2016 - _fТолока _nТолока _oжурнал _tСанта Барбара. Здоровье _x2499-9695 _v2017, № 2 (11) |
|
| 852 |
_aNLR _jП17/1714 |
||
| 942 | _cISSUE | ||
| 980 | _aNB | ||
| 980 | _aRUSPER | ||